000 00301nam a2200133Ia 4500
005 20251222144715.0
008 251222s9999||||xx |||||||||||||| ||spa||
020 _a978-603-45319-04
082 _a658.406.3/R18
100 _aRaich, MArio
245 0 _aMás Allí:
264 _bTECSUP
942 _cLIB
999 _c18002
_d18002